000 00374nam a2200145Ia 4500
008 191201s1997 xx 000 0 und d
082 _a678
_bGHP
100 _aGHOSH, Premamoy
245 0 _aPolymer Science and Technology of Plastic and Rubbers
250 _a15th
260 _aN.Delhi
_bTata Mc Graw Hill
_c1997
300 _a424
650 _aB.Tech(TE)
942 _2ddc
_cBK
999 _c2562
_d2562